[Event "CP-2013-P-00053"]
[Site "LSS email"]
[Date "2013.09.30"]
[Round "?"]
[White "Bottoni, Carlo"]
[Black "Boehme, Sebastian"]
[Result "0-1"]
[WhiteElo "1751"]
[BlackElo "2294"]
[PlyCount "106"]
[EventDate "2013.10.01"]
[EventType "tourn (corr)"]
[EventRounds "6"]
[EventCountry "GER"]
[SourceTitle "Corr 2015"]
[Source "ChessBase"]
[SourceDate "2015.07.17"]
[SourceVersion "1"]
[SourceVersionDate "2015.07.17"]
[SourceQuality "1"]

1. d4 Nf6 2. c4 c6 3. Nc3 d5 4. Nf3 e6 5. e3 Nbd7 6. Bd3 dxc4 7. Bxc4 b5 8. Bd3 Bb7 9. 0-0 a6 10. e4 c5 11. d5 Qc7 12. dxe6 fxe6 13. Bc2 Bd6 14. Ng5 Nf8 15. f4 0-0-0 16. Qe1 e5 17. f5 c4 18. Kh1 h6 19. Nf3 N8d7 20. Bd2 Kb8 21. Rd1 Nc5 22. Nd5 Nxd5 23. exd5 Qc8 24. a4 Nxa4 25. Bxa4 bxa4 26. Qe4 Rhe8 27. Bc3 Qd7 28. Rd2 Ka8 29. Ra1 Qb5 30. Rad1 Qb3 31. Ba5 Rc8 32. Bc3 a3 33. Rc2 a2 34. Rcc1 Rc5 35. Qe2 Rxd5 36. Nd2 Qb5 37. Rf1 e4 38. Nxc4 Bc7 39. b3 e3 40. Kg1 Rxf5 41. Ba1 Rg5 42. Rf3 Kb8 43. Re1 Bxf3 44. Qxf3 e2 45. Rxe2 Rxe2 46. Qxe2 Qf5 47. Qxa2 Qd3 48. g3 Bxg3 49. Be5+ Bxe5+ 50. Qg2 Bd4+ 51. Ne3 Bxe3+ 52. Kh1 Qe4 53. Qxe4 Rg1# 0-1